Aplikácia Pd(II)-katalyzovaných karbonylačných cyklizácií v syntéze prírodných látok

Uložené v:
Podrobná bibliografia
Hlavný autor: Čapkovič, Kristián (Autor)
Ďalší autori: Koóš, Peter (Vedúci práce)
Médium: Rukopis Kniha
Jazyk:Slovak
Vydavateľské údaje: 2025
Predmet:
On-line prístup:http://is.stuba.sk/zp/portal_zp.pl?podrobnosti=183337
Tagy: Pridať tag
Žiadne tagy, Buďte prvý, kto otaguje tento záznam!

MARC

LEADER 00000ntm a22000003a 4500
001 stuzp105094
003 SK-STU
005 20250607211117.5
007 ta
008 150427s2015----xo-----f-mn---000-0-slo-d
040 |a STU  |b slo 
041 0 |a slo 
100 1 |a Čapkovič, Kristián  |u 048140  |4 aut  |U FCHPT Ústav organickej chémie, katalýzy a petrochémie  |T FCHPT Oddelenie organickej chémie  |X 110520  |U C8140  |Y 124  |7 110520 
242 0 1 |a Application of Pd(II)-Catalyzed Carbonylative Cyclisations in the Synthesis of Natural Compounds  |y eng 
245 1 0 |a Aplikácia Pd(II)-katalyzovaných karbonylačných cyklizácií v syntéze prírodných látok 
260 |c 2025 
650 4 |a Pd(II)-catalyzed carbonylative cyclization  |2 eng 
650 4 |a bicyklic lactone  |2 eng 
650 4 |a radical iodocyclization  |2 eng 
650 4 |a Grubbs metathesis  |2 eng 
650 4 |a bicyklický laktón  |2 slo 
650 4 |a radikálová jódcyklizácia  |2 slo 
650 4 |a Grubbsova metatéza  |2 slo 
650 4 |a Pd(II)-katalyzovaná karbonylačná cyklizácia  |2 slo 
700 1 |a Koóš, Peter  |u 048140  |k Z1  |4 ths  |U FCHPT Ústav organickej chémie, katalýzy a petrochémie  |T FCHPT Oddelenie organickej chémie  |X 42566  |U C8140  |Y 124  |7 A000042566 
856 4 |u http://is.stuba.sk/zp/portal_zp.pl?podrobnosti=183337